<?xml version="1.0" encoding="UTF-8"?>
<record
    xmlns:xsi="http://www.w3.org/2001/XMLSchema-instance"
    xsi:schemaLocation="http://www.loc.gov/MARC21/slim http://www.loc.gov/standards/marcxml/schema/MARC21slim.xsd"
    xmlns="http://www.loc.gov/MARC21/slim">

  <leader>01434cam a22003974a 4500</leader>
  <controlfield tag="001">6624834</controlfield>
  <controlfield tag="005">20220326193329.0</controlfield>
  <controlfield tag="008">070709s2007    bl a     b    000 0 por  </controlfield>
  <datafield tag="010" ind1=" " ind2=" ">
    <subfield code="a">  2007349054</subfield>
  </datafield>
  <datafield tag="020" ind1=" " ind2=" ">
    <subfield code="a">9788577340446</subfield>
  </datafield>
  <datafield tag="020" ind1=" " ind2=" ">
    <subfield code="a">8577340449</subfield>
  </datafield>
  <datafield tag="035" ind1=" " ind2=" ">
    <subfield code="a">(OCoLC)ocn175220112</subfield>
  </datafield>
  <datafield tag="035" ind1=" " ind2=" ">
    <subfield code="a">(OCoLC)175220112</subfield>
  </datafield>
  <datafield tag="035" ind1=" " ind2=" ">
    <subfield code="a">(NNC)6624834</subfield>
  </datafield>
  <datafield tag="040" ind1=" " ind2=" ">
    <subfield code="a">DLC</subfield>
    <subfield code="c">DLC</subfield>
  </datafield>
  <datafield tag="041" ind1="0" ind2=" ">
    <subfield code="a">por</subfield>
    <subfield code="a">eng</subfield>
  </datafield>
  <datafield tag="042" ind1=" " ind2=" ">
    <subfield code="a">lcode</subfield>
  </datafield>
  <datafield tag="082" ind1=" " ind2=" ">
    <subfield code="a">701.18</subfield>
    <subfield code="b">C512m</subfield>
  </datafield>
  <datafield tag="100" ind1=" " ind2=" ">
    <subfield code="a">Navas, Adolfo.</subfield>
    <subfield code="9">3027</subfield>
  </datafield>
  <datafield tag="245" ind1="0" ind2="0">
    <subfield code="a">Marcos Chaves /</subfield>
    <subfield code="c">[textos, Adolfo Montejo Navas ... et al.].</subfield>
  </datafield>
  <datafield tag="250" ind1=" " ind2=" ">
    <subfield code="a">1a ed.</subfield>
  </datafield>
  <datafield tag="260" ind1=" " ind2=" ">
    <subfield code="a">Rio de Janeiro :</subfield>
    <subfield code="b">Casa da Palavra,</subfield>
    <subfield code="c">c2007.</subfield>
  </datafield>
  <datafield tag="300" ind1=" " ind2=" ">
    <subfield code="a">175 p. :</subfield>
    <subfield code="b">ill. (chiefly col.) ;</subfield>
    <subfield code="c">21 cm.</subfield>
  </datafield>
  <datafield tag="490" ind1="1" ind2=" ">
    <subfield code="a">Arte bra ;</subfield>
    <subfield code="v">1</subfield>
  </datafield>
  <datafield tag="500" ind1=" " ind2=" ">
    <subfield code="a">Chronology: p. 139-[159].</subfield>
  </datafield>
  <datafield tag="504" ind1=" " ind2=" ">
    <subfield code="a">Includes bibliographical references.</subfield>
  </datafield>
  <datafield tag="505" ind1=" " ind2=" ">
    <subfield code="t">presentation</subfield>
    <subfield code="r">Luiza Mello</subfield>
    <subfield code="t">on the visual  traps of Marcos Chavez</subfield>
    <subfield code="r">Adolfo Montejo Navas</subfield>
    <subfield code="t">Emptiness and Totality</subfield>
    <subfield code="r">Ligia Canongia</subfield>
    <subfield code="t">The Deviation is target</subfield>
    <subfield code="r">Luisa Duarte</subfield>
    <subfield code="t">Caderno do Artista</subfield>
    <subfield code="t">Entrevista</subfield>
    <subfield code="t">Cronologia</subfield>
    <subfield code="r">Debora Monnerat</subfield>
    <subfield code="t">Referencias Bibliograficas</subfield>
  </datafield>
  <datafield tag="546" ind1=" " ind2=" ">
    <subfield code="a">Text in Portuguese and English.</subfield>
  </datafield>
  <datafield tag="600" ind1="1" ind2="0">
    <subfield code="a">Chaves, Marcos,</subfield>
    <subfield code="d">1961-</subfield>
    <subfield code="x">Criticism and interpretation.</subfield>
    <subfield code="9">3028</subfield>
  </datafield>
  <datafield tag="650" ind1=" " ind2=" ">
    <subfield code="a">Arte moderno </subfield>
    <subfield code="z">Brasil</subfield>
    <subfield code="9">3029</subfield>
  </datafield>
  <datafield tag="700" ind1="1" ind2=" ">
    <subfield code="a">Navas, Adolfo.</subfield>
    <subfield code="9">3030</subfield>
  </datafield>
  <datafield tag="700" ind1="1" ind2=" ">
    <subfield code="a">Chaves, Marcos,</subfield>
    <subfield code="d">1961-</subfield>
    <subfield code="9">3031</subfield>
  </datafield>
  <datafield tag="830" ind1=" " ind2="0">
    <subfield code="a">Arte bra ;</subfield>
    <subfield code="v">1.</subfield>
    <subfield code="9">3032</subfield>
  </datafield>
  <datafield tag="948" ind1="1" ind2=" ">
    <subfield code="a">20080515</subfield>
    <subfield code="b">c</subfield>
    <subfield code="c">rhg9</subfield>
    <subfield code="d">SCMC</subfield>
  </datafield>
  <datafield tag="999" ind1=" " ind2=" ">
    <subfield code="c">675</subfield>
    <subfield code="d">675</subfield>
  </datafield>
  <datafield tag="952" ind1=" " ind2=" ">
    <subfield code="0">0</subfield>
    <subfield code="1">0</subfield>
    <subfield code="2">ddc</subfield>
    <subfield code="4">0</subfield>
    <subfield code="7">0</subfield>
    <subfield code="a">LV</subfield>
    <subfield code="b">LV</subfield>
    <subfield code="c">Monograf&#xED;as</subfield>
    <subfield code="d">2015-06-11</subfield>
    <subfield code="l">0</subfield>
    <subfield code="o">701.18 C512m</subfield>
    <subfield code="p">000640</subfield>
    <subfield code="r">2015-06-11 00:00:00</subfield>
    <subfield code="w">2015-06-11</subfield>
    <subfield code="y">01</subfield>
  </datafield>
</record>
